000 00588nam a2200241Ia 4500
005 20260306145640.0
008 008 260114s9999 xx 000 0 eng d
020 _a9783110725629
037 _aEbook
040 _aCRL
040 _beng
040 _cCRL
041 _2eng
041 _aeng
084 _qCRL
245 0 _a[Buben]trätzer – [Kürzer]dreier
260 _bDe Gruyter Akademie Forschung
260 _c2021
650 _aLinguistics and Semiotics
856 _uhttps://www.degruyter.com/isbn/9783110725629
942 _cEBOOK
999 _c1689852
_d1689852